Statistiche per Paesi più vicini all'Estonia

Clicka qui per fare il quiz!

Statistiche generali

  • Questo quiz è stato fatto 60 volte
  • Il punteggio medio è 19 su 20

Statistiche sulle risposte

kmnazione% Corretto
157Bielorussia
100%
636Germania
100%
0Lettonia
100%
152Lituania
100%
554Norvegia
100%
0Russia
100%
150Svezia
100%
47Finlandia
98%
396Polonia
98%
890Cechia
94%
523Danimarca
94%
1030Romania
94%
622Ucraina
94%
1041Ungheria
93%
939Slovacchia
91%
1076Austria
87%
1013Moldavia
85%
1067Paesi Bassi
80%
1283Belgio
78%
1288Slovenia
78%

Distribuzione punteggi

Percentile per numero di risposta

Percentuale di utenti per punteggio

I tuoi punteggi nel tempo

Non hai fatto questo quiz